Kto chce uspieť, musí von
Najdôležitejšie exportné trhy Izraela, uzka spolupráca s USA. Pôsobenie izraelských firiem v SR. Príklady priameho pôsobenia: Ness Technologies, Biometrix Medical, Teva Pharmaceuticals Slovakia, Netafim, Aqwise, SodaStream, Cinema City. Izraelský kód v Assecu.
Saved in:
| Main Author: | |
|---|---|
| Format: | Book Chapter |
| Language: | Slovak |
| Subjects: | |
| Tags: |
No Tags, Be the first to tag this record!
|
MARC
| LEADER | 00000naa a2200000 4500 | ||
|---|---|---|---|
| 001 | 0225050 | ||
| 005 | 20231113105857.7 | ||
| 041 | 0 | |a slo | |
| 044 | |a SK | ||
| 245 | 1 | 0 | |a Kto chce uspieť, musí von |c Ján Učeň |
| 520 | |a Najdôležitejšie exportné trhy Izraela, uzka spolupráca s USA. Pôsobenie izraelských firiem v SR. Príklady priameho pôsobenia: Ness Technologies, Biometrix Medical, Teva Pharmaceuticals Slovakia, Netafim, Aqwise, SodaStream, Cinema City. Izraelský kód v Assecu. | ||
| 610 | 2 | 0 | |a podnikanie medzinárodné |
| 610 | 2 | 0 | |a podnik |
| 610 | 2 | 0 | |a trh zahraničný |
| 610 | 2 | 0 | |a Izrael |
| 610 | 2 | 0 | |a Slovensko |
| 100 | 1 | |a Učeň, Ján | |